La escolarización antes de los 3 años: organización del aula y diez unidades didácticas
Saved in:
| Hovedforfatter: | |
|---|---|
| Format: | Bog |
| Sprog: | spansk |
| Udgivet: |
Madrid
Narcea
2001
|
| Serier: | Colección Primeros Años
|
| Fag: | |
| Tags: |
Tilføj Tag
Ingen Tags, Vær først til at tagge denne postø!
|
MARC
| LEADER | 00000cam a2200000 a 4500 | ||
|---|---|---|---|
| 001 | UCH0120 | ||
| 003 | CL-VaPUC | ||
| 008 | 090108e20010000SP |||||||||||||||||spa|d | ||
| 020 | |a 8427713525 | ||
| 082 | 0 | 4 | |a 372.218 |b LAH |2 21 |
| 100 | |a Lahora, M. Cristina |e author |9 534218 | ||
| 245 | 1 | 3 | |a La escolarización antes de los 3 años: organización del aula y diez unidades didácticas |
| 300 | |a 175 p | ||
| 942 | |c BK | ||
| 945 | |d 20090108 00:00:00 |a jtorresc | ||
| 260 | |a Madrid |b Narcea |c 2001 | ||
| 650 | 7 | |a EDUCACION PRESCOLAR |2 CL-VaPUC |9 534219 | |
| 650 | 0 | |a Jardines infantiles |9 307427 | |
| 650 | 0 | |a Educación parvularia |9 310956 | |
| 650 | 0 | |a Métodos de enseñanza |9 270413 | |
| 583 | |a last modification |c 20180828 02:47:48 |k Rodrigo Vera | ||
| 490 | 0 | |a Colección Primeros Años | |
| 999 | |c 332497 |d 332495 | ||
| 952 | |0 0 |1 0 |4 0 |6 372_218000000000000_LAH_2001 |7 0 |8 A |9 420272 |a BIBEDU |b BIBEDU |d 2019-11-22 |i 451131K |o 372.218 LAH 2001 |p 451131K |r 2019-11-22 |w 2019-11-22 |y BK |k PAR | ||